000
00337 a2200157 4500
001
64414
020
_a
9788564855014
040
_c
Anchieta - Pituba
100
_a
Medina, Francisco
240
1
0
_a
A fada e o bruxo
_l
por
245
1
0
_a
A fada e o bruxo
300
_a
318
362
0
_a
2012
650
4
_a
Literatura juvenil
942
_c
BK
999
_c
64414
_d
64414